| 000 | 01519cam a2200433 4500 | ||
|---|---|---|---|
| 001 | ABS67942 | ||
| 008 | 040702n2004 000 0 eng u | ||
| 035 | _a(Sirsi) u126682 | ||
| 245 | _aFocus: India and southeast Asia | ||
| 260 | _c2004 | ||
| 490 |
_aEstates Gazette _v(0426) 26 June 2004, 86-95(9) |
||
| 520 | _aConsiders the impact of the relocation of companies from the West on the construction industry and real estate market in India and southeast Asia. Looks at the pros and cons for companies deciding to set up call centres including reduced overheads and the availability of potential employees. Examines employment opportunities for real estate professional in southeast Asia. Discusses the competition amongst the countries in southeast Asia in attracting the call centre market. | ||
| 590 | _aABS | ||
| 590 | _aABS | ||
| 650 | _aCALL CENTRES | ||
| 650 | _aRELOCATION | ||
| 650 | _aINDIA | ||
| 650 | _aSOUTHEAST ASIA | ||
| 650 | _aEMPLOYMENT OPPORTUNITIES | ||
| 650 | _aWORKING ABROAD | ||
| 650 | _aCOMPETITION | ||
| 650 | _aOVERHEADS | ||
| 650 | _aREPUBLIC OF KOREA | ||
| 650 | _aSINGAPORE | ||
| 650 | _aPHILIPPINES | ||
| 650 | _aTHAILAND | ||
| 650 | _aMALAYSIA | ||
| 650 | _aSEOUL | ||
| 650 | _aMANILA | ||
| 650 | _aBANGKOK | ||
| 650 | _aKUALA LUMPUR | ||
| 650 | _aINVESTMENT | ||
| 650 | _aWORKFORCE | ||
| 650 | _aCONSTRUCTION INDUSTRY | ||
| 650 | _aREAL ESTATE | ||
| 650 | _aPROPERTY-COMMERCIAL PROPERTY | ||
| 690 | _aINTERNATIONAL-ASIA | ||
| 942 | _n0 | ||
| 999 |
_c117642 _d117642 |
||